000 00470nam a22001817a 4500
003 koha_MIRAKIL
005 20231213095402.0
008 231213b |||||||| |||| 00| 0 ||| d
020 _b978-9-75458323-6
040 _aTR-IsEVY
_btur
_cTR-IsEVY
082 _a810 İLH/K
100 _aİLHAN, ATİLLA.
245 0 _aKURTLAR SOFRASI.
260 _bTÜRKİYE İŞ BANKASI KÜLTÜR YAYINLARI,
_c2010
300 _a683.
650 _aTürk Edebiyatı.
942 _2ddc
_cBK
999 _c2751
_d2751